00462 2200181 4500001002100000005001500021008004100036020002200077035001900099041000700118082000800125090001400133100002400147245003700171260002200208300003000230650002000260INLIS00000000001432620241224114725241224||||||||| | ||| |||| || |  a978-602-241-133-8 0010-1224014326 aid0 a507 a507 ERl e0 aTIM BINA KARYA GURU00aErlangga Fokus UN SD/MI 2013 IPA aJakartaberlangga a25x17,5 cm, vi, 130 hlm.; 0aIlmu-ilmu Murni